Jönnek, mennek...
Elmentve itt :
| Szerző: | |
|---|---|
| Dokumentumtípus: | Cikk |
| Megjelent: |
1971-11-23
|
| Sorozat: | Délmagyarország
61 No. 276 |
| Kulcsszavak: | Frányó József, KSZV Újszegedi Egysége, munkaerő, munkavégzés |
| Online Access: | http://dmarchiv.bibl.u-szeged.hu/93879 |
| LEADER | 00494nab a2200157 i 4500 | ||
|---|---|---|---|
| 001 | delm93879 | ||
| 005 | 20190320110259.0 | ||
| 008 | 190320s1971 hu o 0|| hun d | ||
| 040 | |a SZTE Délmagyarország Archívum |b hun | ||
| 041 | |a hun | ||
| 100 | 1 | |a Gazdagh István | |
| 245 | 1 | 0 | |a Jönnek, mennek... |h [elektronikus dokumentum] / |c Gazdagh István |
| 260 | |c 1971-11-23 | ||
| 300 | |a 3 | ||
| 490 | 0 | |a Délmagyarország |v 61 No. 276 | |
| 695 | |a Frányó József, KSZV Újszegedi Egysége, munkaerő, munkavégzés | ||